| 000 | 00833nas a2200277 4500 | ||
|---|---|---|---|
| 001 | BR9201302 | ||
| 003 | BR-BrBNA | ||
| 005 | 20231205092401.0 | ||
| 007 | ta | ||
| 008 | 230509b bl.|||p| |||| 00| 00por d | ||
| 040 |
_aBR-BrBNA _bpor _cBiblioteca Nacional de Agricultura |
||
| 041 | _a(Pt) | ||
| 072 | _aL74 | ||
| 100 | 1 | _aDefine, R.M. | |
| 100 | 1 | _aMuniz, L.M.R. | |
| 100 | 1 | _aBenine, L.E. | |
| 245 | 1 | _aNiveis sericos de triiodotironina, tiroxina e indice T4 (D)- RT3 em vacas da raca nelore durante a gestacao | |
| 650 | _aVACA | ||
| 650 | _aPRENHEZ | ||
| 650 | _aGADO NELORE | ||
| 650 | _aMEDICAMENTO | ||
| 650 | _aTIREOIDE | ||
| 773 | 0 |
_tRevista Brasileira de Reproducao Animal (Brazil) _xISSN 0102-0803 _g(1979), v. 3(2) p. 17-18 _wBR9201302 |
|
| 909 |
_a202311 _bLúcia _c55 _dLúcia Elande |
||
| 942 |
_2AGRIS _n0 _cANA |
||
| 999 |
_c131327 _d131327 |
||